00549cam a22001457a 4500008004000000082001800040100002700058245010800085260004000193300001000233650003100243700002100274999001900295952008900314180718b1959 xxu||||| |||| 00| 0 eng d aL27x5433 N153 aNanda, Kailash Chandar aLaw relating to sales tax in Punjab and Himachal Pradeshcby Kailash Chandar Nanda and Lalit Mohan Suri aChandigarhbShashi Mohan Suric1959 a247p. aSales tax - India - Punjab aSuri Lalit Mohan c375063d375063 00104070aIIPAbIIPAd1994-07-11oL27x5433 N153p16567r2018-07-21w2018-07-21yBK